000 00431 a2200157 4500
005 20250521123233.0
020 _a978-1-265-79862-8
082 _a658.7
100 _aCOHEN, S.
245 _aStrategic Supply Chain Management: The Five Desplaines for Top Performance
250 _a2nd Ed.
260 _aNew York.
_bMc Graw Hill Education,
_c2013.
300 _axvii,298p.;
_bill.;
_c23cm
700 _aROUSSEL, J.
942 _2ddc
_cBKS
999 _c2493
_d2493